000 00287nam a22001337a 4500
008 170804b xxu||||| |||| 00| 0 eng d
020 _a9780735710696
041 _aeng
080 _a004
100 _a33
101 _aSHKI
245 _aMCSE WINDOWS 2000
_cDAWSON, G
942 _2udc
_cBK
999 _c22728
_d22728